000 00639nam a2200253Ia 4500
005 20260121160950.0
008 008 260114s9999 xx 000 0 eng d
020 _a9780203084182
037 _aEBOOK
040 _aCRL
040 _beng
040 _cCRL
041 _2eng
041 _aeng
084 _qCRL
100 _a Angela W. Little; Siri T. Hettige
_91038543
245 0 _aGlobalisation, Employment and Education in Sri Lanka
260 _bTaylor and Francis
260 _c2013
856 _uhttp://www.taylorfrancis.com/books/9780203084182
942 _cEBOOK
999 _c1605359
_d1605359